Villes françaises en rébus #2 - Statistiques

Statistiques générales
  • Ce quiz a été pris 60 072 fois
  • Le résultat moyen est 7 sur 10
Réponses sur la Carte
Les réponses sont colorées sur une échelle allant du rouge au vert en fonction du pourcentage des utilisateurs qui les ont devinées à leur premier essai. Vous pouvez retrouver ces pourcentages ci-dessous.
 
Statistiques - réponses
Rébus Ville française % Correct
5 Annecy
90%
6 Montreuil
86%
2 Montauban
82%
1 Niort
82%
3 Cholet
74%
8 Tourcoing
73%
9 Poitiers
65%
10 Périgueux
61%
7 Antony
52%
4 Saint Etienne
45%
Aucun quiz correspondant
Distribution des résultats
% des personnes avec chaque résultat
Percentile par nombre de réponses
Votre historique - résultats
Vous n’avez pas pris ce quiz